| 000 | 00473nam a2200169Ia 4500 | ||
|---|---|---|---|
| 005 | 20250310170314.0 | ||
| 008 | 231217s9999 xx 000 0 und d | ||
| 020 | _a9780070635784 | ||
| 082 | _a658.076 MUN;7 | ||
| 100 | _aMuneer, Muhammed.Venkataramani,G. Regina, C A. | ||
| 245 | 0 | _aHow to prepare for the CAT : common admission test | |
| 250 | _a3rd ed. | ||
| 260 |
_c2007 _bTMH _aNew Delhi |
||
| 300 | _axiii,551 | ||
| 650 | _aprepare,CAT,admission | ||
| 942 | _cAA | ||
| 999 |
_c185433 _d185433 |
||